000 01140aam a2200445a 44500
008 930106s1977 spa
017 _aB-31416-1977
020 _a8470240676
041 _aspa
041 _bcat
041 _beng
041 _bfre
041 _bger
041 _blat
080 _a376.3(038)
100 _aPerelló Gilberga, Jorge
_967573
245 _aLexicon de comunicología: Diccionario para audiólogos, foniatras, logopedas, profesores de sordos i psicolingüistas
245 _cJorge Perelló Gilberga
260 _aBarcelona
260 _bAugusta
260 _c1977
300 _a858 p.
_c25 cm
500 _aBibliografia. Índex
500 _aCategoria gramatical, etimologia
520 _a6.589
546 _acastellà
591 _a828
592 _aObra terminològica
593 _aEL
593 _aSR
594 _a828
650 _afoniatria
_967576
650 _alogopèdia
_967575
650 _atrastorns del llenguatge
_969765
901 _c<1977>
902 _a930106
942 _cMO
_n0
999 _c59340
_d59340